| 000 | 00307nam a2200085Ia 4500 | ||
|---|---|---|---|
| 245 | 0 | _aThe practice of adaptive leadership : tools and tactics for changing your organization and the world | |
| 100 |
_a HEIFETZ, Ronald A. Boston, 2009 _974134 |
||
| 942 | _cBK | ||
| 008 | 210817s9999 xx 000 0 und d | ||
| 999 |
_c293029 _d293028 |
||